[Event "Remote 4er High 0029 email"]
[Site "Remote email"]
[Date "2013.02.26"]
[Round "?"]
[White "Solis Gomez, Jose Alberto"]
[Black "Nogler, Schimun"]
[Result "1-0"]
[WhiteElo "2472"]
[BlackElo "2412"]
[PlyCount "125"]
[EventDate "2013.??.??"]
[EventType "tourn (corr)"]
[EventRounds "6"]
[EventCountry "GER"]
[SourceTitle "Corr 2015"]
[Source "ChessBase"]
[SourceDate "2015.07.17"]
[SourceVersion "1"]
[SourceVersionDate "2015.07.17"]
[SourceQuality "1"]

1. d4 d5 2. Nf3 Nf6 3. c4 c6 4. Nc3 dxc4 5. a4 Bf5 6. e3 e6 7. Bxc4 Bb4 8. 0-0 0-0 9. Qe2 Bg4 10. Rd1 Nbd7 11. e4 Qe7 12. h3 Bh5 13. a5 h6 14. a6 b5 15. Ba2 Rac8 16. Bf4 Rfe8 17. g4 Bg6 18. Bb1 Bh7 19. e5 Nd5 20. Nxd5 exd5 21. Bf5 Qd8 22. Rac1 Bf8 23. Kh2 g6 24. Bxd7 Qxd7 25. g5 Qf5 26. Be3 hxg5 27. Rg1 f6 28. Rg3 Re6 29. Nd2 Ree8 30. Rf3 Qd7 31. Rxf6 Be7 32. Bxg5 Bxf6 33. Bxf6 Qf5 34. Qe3 Re6 35. Nf3 Rxf6 36. exf6 Qxf6 37. Ne5 b4 38. Ng4 Qd6+ 39. Kg2 g5 40. Re1 Rf8 41. Qxg5+ Qg6 42. Qh4 Qg7 43. Re7 Rf7 44. Re8+ Rf8 45. Rxf8+ Kxf8 46. Qd8+ Kf7 47. Qd7+ Kg6 48. Qxc6+ Kf5 49. Qxd5+ Kf4 50. Qf3+ Kg5 51. Kg3 Bb1 52. Qc6 Kf5 53. d5 Qg8 54. Qf6+ Ke4 55. d6 Qb8 56. f4 Qb5 57. Qe7+ Kd4 58. d7 Qd3+ 59. Kh4 Qh7+ 60. Qxh7 Bxh7 61. d8Q+ Kc4 62. Qc7+ Kb5 63. Ne5 1-0

[Event "Remote S7 Top 60 email"]
[Site "Remote email"]
[Date "2012.02.26"]
[Round "?"]
[White "Solis Gomez, Jose Alberto"]
[Black "Sevilla, Andres"]
[Result "1-0"]
[WhiteElo "2467"]
[BlackElo "2427"]
[PlyCount "113"]
[EventDate "2012.??.??"]
[EventType "tourn (corr)"]
[EventRounds "6"]
[EventCountry "GER"]
[SourceTitle "Corr 2015"]
[Source "ChessBase"]
[SourceDate "2015.07.17"]
[SourceVersion "1"]
[SourceVersionDate "2015.07.17"]
[SourceQuality "1"]

1. c4 c5 2. Nf3 Nf6 3. g3 b6 4. Bg2 Bb7 5. Nc3 e6 6. 0-0 Be7 7. d4 cxd4 8. Qxd4 0-0 9. e4 d6 10. Rd1 Nbd7 11. b3 a6 12. Ba3 e5 13. Qe3 Qc7 14. Rac1 Rac8 15. Nh4 g6 16. Bh3 Rcd8 17. f3 Nc5 18. b4 Ncd7 19. Nd5 Nxd5 20. cxd5 Qb8 21. Rd3 b5 22. Rdc3 Bc8 23. Rxc8 Rxc8 24. Bxd7 Rxc1+ 25. Bxc1 Qd8 26. Bc6 f5 27. Ng2 fxe4 28. Qxe4 Bg5 29. f4 Qf6 30. h4 Bh6 31. Bd7 exf4 32. Qe6+ Kg7 33. Qxf6+ Rxf6 34. Nxf4 Rf7 35. Bc8 Kf6 36. Bxa6 Re7 37. Bb2+ Kf7 38. Bxb5 Re4 39. Bc3 Re3 40. Ne2 Bg7 41. Be1 Ke7 42. a4 Re5 43. Bc3 Rxe2 44. Bxg7 Re4 45. Bc3 Re3 46. Bd2 Rxg3+ 47. Kf2 Rb3 48. a5 h6 49. a6 Rb2 50. Ke2 Kd8 51. Bc6 Ra2 52. b5 Kc7 53. Kd1 h5 54. Be3 Kb8 55. Bb6 Ra1+ 56. Kc2 Ra3 57. Kb2 1-0

[Event "Remote 11er 0035 email"]
[Site "Remote email"]
[Date "2011.06.08"]
[Round "?"]
[White "Solis Gomez, Jose Alberto"]
[Black "Klausner, Helmut"]
[Result "1/2-1/2"]
[WhiteElo "2445"]
[BlackElo "2233"]
[PlyCount "75"]
[EventDate "2011.??.??"]
[EventType "tourn (corr)"]
[EventRounds "10"]
[EventCountry "GER"]
[SourceTitle "Corr 2015"]
[Source "ChessBase"]
[SourceDate "2015.07.17"]
[SourceVersion "1"]
[SourceVersionDate "2015.07.17"]
[SourceQuality "1"]

1. d4 d5 2. c4 e6 3. Nf3 Nf6 4. Nc3 c5 5. cxd5 cxd4 6. Qxd4 exd5 7. e4 Nc6 8. Bb5 dxe4 9. Qxd8+ Kxd8 10. Ng5 Be6 11. 0-0 Bb4 12. Ngxe4 Ke7 13. Bxc6 bxc6 14. Bg5 h6 15. Bxf6+ gxf6 16. a3 Ba5 17. Rac1 Rhd8 18. Rfe1 Rab8 19. b4 Bc7 20. Ne2 Be5 21. Rc2 a5 22. f4 f5 23. Nc5 Bc7 24. Nxe6 fxe6 25. Rxc6 Bb6+ 26. Kf1 Rd2 27. g3 axb4 28. axb4 Kd7 29. Rcc1 Rc8 30. Rxc8 Kxc8 31. Rb1 Kd7 32. Ke1 Ra2 33. b5 Kd6 34. Rd1+ Kc7 35. Rc1+ Kd7 36. Rd1+ Ke7 37. Rb1 Kd6 38. Rd1+ 1/2-1/2

[Event "Remote Superturnier 13 email"]
[Site "Remote email"]
[Date "2011.05.22"]
[Round "?"]
[White "Allerberger, Peter"]
[Black "Solis Gomez, Jose Alberto"]
[Result "1/2-1/2"]
[WhiteElo "2526"]
[BlackElo "2442"]
[PlyCount "105"]
[EventDate "2011.??.??"]
[EventType "tourn (corr)"]
[EventRounds "14"]
[EventCountry "GER"]
[SourceTitle "Corr 2015"]
[Source "ChessBase"]
[SourceDate "2015.07.17"]
[SourceVersion "1"]
[SourceVersionDate "2015.07.17"]
[SourceQuality "1"]

1. d4 d5 2. c4 c6 3. Nf3 Nf6 4. Nc3 e6 5. e3 Nbd7 6. Qc2 Bd6 7. Bd3 0-0 8. 0-0 dxc4 9. Bxc4 b5 10. Be2 Bb7 11. e4 e5 12. Rd1 Qc7 13. Bg5 exd4 14. Rxd4 Ne5 15. Bxf6 gxf6 16. g3 b4 17. Nd1 c5 18. Rd2 f5 19. Ne3 Bxe4 20. Nd5 Qd8 21. Qd1 Re8 22. a3 a5 23. axb4 cxb4 24. Rc1 b3 25. Nd4 a4 26. Nb5 a3 27. Qxb3 a2 28. Ra1 Qg5 29. Nxd6 Qxd2 30. Nf6+ Kf8 31. Ndxe8 Rxe8 32. Kf1 Bg2+ 33. Kxg2 Qxe2 34. Qa3+ Re7 35. Rxa2 Nd3 36. b4 Ne1+ 37. Kh3 Qf1+ 38. Kh4 Ra7 39. Nxh7+ Kg8 40. Qc3 Nf3+ 41. Qxf3 Rxa2 42. Nf6+ Kg7 43. Qc3 Qe2 44. Nh5+ Kf8 45. Qg7+ Ke7 46. h3 Qe4+ 47. f4 Ra6 48. Qg5+ Kf8 49. Qd8+ Qe8 50. Qxe8+ Kxe8 51. Ng7+ Kf8 52. Nxf5 Rb6 53. Kg5 1/2-1/2

[Event "Remote Superturnier 13 email"]
[Site "Remote email"]
[Date "2011.05.22"]
[Round "?"]
[White "Solis Gomez, Jose Alberto"]
[Black "Boehme, Sebastian"]
[Result "1/2-1/2"]
[WhiteElo "2442"]
[BlackElo "2559"]
[PlyCount "39"]
[EventDate "2011.??.??"]
[EventType "tourn (corr)"]
[EventRounds "14"]
[EventCountry "GER"]
[SourceTitle "Corr 2015"]
[Source "ChessBase"]
[SourceDate "2015.07.17"]
[SourceVersion "1"]
[SourceVersionDate "2015.07.17"]
[SourceQuality "1"]

1. d4 Nf6 2. Nf3 e6 3. c4 b6 4. g3 Bb7 5. Bg2 Be7 6. 0-0 0-0 7. b3 d5 8. Nbd2 c5 9. cxd5 exd5 10. Ne5 cxd4 11. Bb2 Bc5 12. Ndf3 Re8 13. Bxd4 Ne4 14. Bb2 Nc6 15. Nxc6 Bxc6 16. Rc1 Rc8 17. a4 Qd6 18. Qd3 Bd7 19. e3 a5 20. Nd2 1/2-1/2

[Event "CFriend Christmas email"]
[Site "Chessfriend.com"]
[Date "2006.12.12"]
[Round "?"]
[White "Fischer, Ronald"]
[Black "Solis Gomez, Jose Alberto"]
[Result "0-1"]
[WhiteElo "1647"]
[BlackElo "2336"]
[PlyCount "26"]
[EventDate "2006.??.??"]
[EventType "tourn (corr)"]
[EventRounds "14"]
[EventCountry "GER"]
[SourceTitle "Corr 2011"]
[Source "ChessBase"]
[SourceDate "2010.08.31"]
[SourceVersion "1"]
[SourceVersionDate "2010.08.31"]
[SourceQuality "1"]

1. e4 c5 2. c3 Nf6 3. e5 Nd5 4. d4 cxd4 5. cxd4 e6 6. Nf3 d6 7. Nc3 Nxc3 8. bxc3 Qc7 9. Qb3 Nd7 10. Bf4 dxe5 11. Nxe5 Bd6 12. Bg3 Bxe5 13. dxe5 0-0 0-1

[Event "CFriend Christmas email"]
[Site "Chessfriend.com"]
[Date "2006.12.12"]
[Round "?"]
[White "Martello, Juan Alberto"]
[Black "Solis Gomez, Jose Alberto"]
[Result "1/2-1/2"]
[WhiteElo "2145"]
[BlackElo "2336"]
[PlyCount "35"]
[EventDate "2006.??.??"]
[EventType "tourn (corr)"]
[EventRounds "14"]
[EventCountry "GER"]
[SourceTitle "Corr 2011"]
[Source "ChessBase"]
[SourceDate "2010.08.31"]
[SourceVersion "1"]
[SourceVersionDate "2010.08.31"]
[SourceQuality "1"]

1. c4 Nf6 2. g3 e6 3. Bg2 d5 4. Nf3 Be7 5. 0-0 0-0 6. d4 dxc4 7. Qc2 Bd7 8. Qxc4 Bc6 9. Nc3 Nbd7 10. Qd3 Re8 11. Rd1 Bb4 12. Qc2 Bxc3 13. Qxc3 Be4 14. Bg5 h6 15. Bxf6 Nxf6 16. Ne5 Bxg2 17. Kxg2 c6 18. Qc2 1/2-1/2